Pithisaria & Pithisaria direct taxes circulars (1922-2015) : (Record no. 100379)

MARC details
000 -LEADER
fixed length control field 01220nam a22002657a 4500
005 - DATE AND TIME OF LATEST TRANSACTION
control field 20160808110820.0
010 ## - LCCN (DPL NO)
LC control number ENG-115315-319
020 ## - INTERNATIONAL STANDARD BOOK NUMBER
International Standard Book Number 9789351438212
Terms of availability 8400.00(set of 4 vols.)
020 ## - INTERNATIONAL STANDARD BOOK NUMBER
International Standard Book Number 9789351438519(v.1)
Terms of availability 8400.00(set of 4 vols.)
020 ## - INTERNATIONAL STANDARD BOOK NUMBER
International Standard Book Number 9789351438526(v.2)
Terms of availability 8400.00(set of 4 vols.)
020 ## - INTERNATIONAL STANDARD BOOK NUMBER
International Standard Book Number 9789351438533(v.3)
Terms of availability 8400.00(set of 4 vols.)
020 ## - INTERNATIONAL STANDARD BOOK NUMBER
International Standard Book Number 9789351438540(v.4)
Terms of availability 8400.00(set of 4 vols.)
020 ## - INTERNATIONAL STANDARD BOOK NUMBER
International Standard Book Number 9789351438212(all 4 vols.)
Terms of availability 8400.00(all 4 vols)
035 ## - SYSTEM CONTROL NUMBER
System control number EN-98847-851
037 ## - SOURCE OF ACQUISITION
Source of stock number/acquisition DBAD/PUB
082 ## - DEWEY DECIMAL CLASSIFICATION NUMBER
Classification number 343.5404
100 ## - MAIN ENTRY--PERSONAL NAME
Personal name Pithisaria, M.K.
245 ## - TITLE STATEMENT
Title Pithisaria & Pithisaria direct taxes circulars (1922-2015) :
Remainder of title relating to the law of income, wealth and gift tax,black money act with statutory and judicial analysis /
Statement of responsibility, etc by M K Pithisaria [and] Mukesh Pithisaria
260 ## - PUBLICATION, DISTRIBUTION, ETC. (IMPRINT)
Place of publication, distribution, etc Gurgaon
Name of publisher, distributor, etc LexisNexis
Date of publication, distribution, etc 2016
270 ## - ADDRESS
Address 14th Floor,Building No-10,Tower-B, DLF Cyber City,Phase-II
City Gurgaon
Postal code 122002
300 ## - PHYSICAL DESCRIPTION
Extent 4V.(cxci,2193,1-118p. ; cIviii,2194-4694,119-208p. ; ccxiii,4695-6189,209-302p. ; Ixii,6190-7684,303-316p.;256p.)<br/>
Dimensions 25cm(Hb)
500 ## - GENERAL NOTE
General note Includes indexes
700 ## - ADDED ENTRY--PERSONAL NAME
Personal name Pithisaria,Mukesh
942 ## - ADDED ENTRY ELEMENTS (KOHA)
Source of classification or shelving scheme Dewey Decimal Classification
Item type English Books
Call number suffix PIT
Classification part 343.5404
Holdings
Withdrawn status Lost status Materials specified (bound volume or other part) Not for loan Collection code Home library Current library Date acquired Source of acquisition Cost, normal purchase price Full call number Barcode Copy number Cost, replacement price Koha item type
    v.1 Not For Loan Non-fiction D.B.Act.Division D.B.Act.Division 17/06/2016 DBAD/PUB 8400.00 343.5404PIT EN-98847 1 8400.00 English Books
    v.2 Not For Loan Non-fiction D.B.Act.Division D.B.Act.Division 22/06/2016 DBAD/PUB 8400.00 343.5404PIT EN-98848 1 8400.00 English Books
    v.3 Not For Loan Non-fiction D.B.Act.Division D.B.Act.Division 22/06/2016 DBAD/PUB 8400.00 343.5404PIT EN-98849 1 8400.00 English Books
    v.4 Not For Loan Non-fiction D.B.Act.Division D.B.Act.Division 22/06/2016 DBAD/PUB 8400.00 343.5404PIT EN-98850 1 8400.00 English Books
    all vols.4 Not For Loan Non-fiction D.B.Act.Division D.B.Act.Division 22/06/2016 DBAD/PUB 8400.00 343.5404PIT EN-98851 1 8400.00 English Books

© Delhi Public Library
Hit Counter
free hit counter